[Event "ARM-ch"]
[Site "Yerevan"]
[Date "1999.10.20"]
[Round "5"]
[White "Khachiyan, Melikset"]
[Black "Lputian, Smbat G"]
[Result "0-1"]
[WhiteElo "2480"]
[BlackElo "2625"]
[Annotator "Psakhis,L"]
[PlyCount "68"]
[EventDate "1999.10.16"]
[EventType "tourn"]
[EventRounds "11"]
[EventCountry "ARM"]
[EventCategory "10"]
[SourceTitle "CBM 074"]
[Source "ChessBase"]
[SourceDate "2000.02.01"]
[SourceVersion "1"]
[SourceVersionDate "2000.02.01"]
[SourceQuality "1"]

1. e4 e6 2. d4 d5 3. Nc3 Bb4 4. e5 c5 5. a3 Ba5 {[%mdl 4] Maybe in future this
variant will gen name- Armenian variant-armenian grandmasters Vaganian and
Lputian made biggest investment in theory of this variant in last 15-20 years.}
6. b4 cxd4 7. Nb5 ({Deserves attention} 7. Qg4 $5 {with unclear complications/}
) 7... Bc7 8. f4 Bd7 9. Nxc7+ Qxc7 10. Nf3 Ne7 11. Bd3 a6 ({Black could play
also} 11... Nf5 {for example} 12. Bxf5 exf5 13. O-O Nc6 14. b5 Na5 15. Nxd4 Nc4
16. Kh1 a6 $1 17. Qh5 Qb6 18. Nxf5 Qg6 19. Ng3 Qxh5 20. Nxh5 O-O 21. bxa6 Rxa6
22. Rb1 b5 $44 {1/2-1/2 Sutovsky,E-Royz,M/ISR t-ch 1999 (28)}) 12. O-O ({
More dangerous for Black could be} 12. a4 $5 {with the idea not to allow
bishops exchange, for example} Nbc6 13. Bd2 Nf5 14. b5 Na5 15. Bxf5 exf5 16.
Bb4 Nc4 17. Qxd4 $36 {1-0 Cladouras,P-Foetsch,D/Dresden op 1998 (50)}) (12. Bb2
Bb5 13. Nxd4 Bxd3 14. Qxd3 Nbc6 15. O-O h5 16. Nf3 Nf5 17. Rae1 Rc8 18. Rf2
Nce7 $11 {0-1 Leib,A-Hug,W /SUI t-ch 1999}) 12... Bb5 13. Nxd4 Bxd3 14. cxd3
Nbc6 15. Be3 O-O $146 (15... Nxd4 16. Bxd4 Rc8 17. Bc5 O-O 18. Rc1 {1/2-1/2
Roiz,D-Mateos,G/Spain t-ch 1992 (18)}) 16. Rc1 Qb6 $1 {Nice move} 17. Rc5 (17.
Nf5 {leads to equal chances after for example} d4 $1 18. Nxe7+ (18. Bxd4 $2
Nxd4 19. Nxe7+ Kh8 20. Rc5 Rae8 $19) 18... Nxe7 19. Bf2 Rac8 $11) 17... a5 18.
Nc2 ({Black has nothing to worry about after} 18. Nxc6 Nxc6 19. b5 d4 $1 $132)
18... axb4 19. axb4 d4 $1 (19... Nxb4 $2 20. Rc4 $1 Qxe3+ 21. Nxe3 dxc4 22.
dxc4 $16) 20. Nxd4 (20. Bxd4 Nxd4 21. Nxd4 Nd5 $5 22. Qb3 Qxb4 $15) 20... Nxd4
21. Bxd4 Rfd8 22. Rd5 $5 ({In case of} 22. Bf2 Qxb4 23. Rc4 Qb2 24. Bh4 Nd5 $5
{leads to good game for example:} 25. Bxd8 Ne3 26. Qf3 Nxf1) 22... Qxb4 23. Bc5
(23. Rxd8+ Rxd8 24. Ba1 Ra8 $5 $17 {[%csl Ra1,Ge7][%cal Ge7d5]}) 23... Qa5 24.
Rxd8+ Qxd8 25. Qf3 (25. Bxe7 $5 $15) 25... Nd5 26. f5 {It looks that White got
serious initiative on the king side, but Lputian has another opinion.} Qc7 27.
d4 (27. Bd6 Qb6+ 28. Kh1 Qe3 $1) 27... h6 (27... b6 $2 28. fxe6 $18) 28. Qh3
Qc6 29. f6 $2 {Big mistake, White had to play} (29. Bd6 $8 {but after} Qd7 {
black,s chances are preferebale any case, for example} 30. f6 $140 $2 Nxf6)
29... Ra2 30. Qg3 (30. fxg7 Ne3 $1 $19) 30... g5 $1 {[%cal Gb7b6]} 31. h4 $6 (
31. Qf3 $5 Ne3 32. Qxc6 bxc6 $17) 31... Ne3 $1 32. Rf2 Ra1+ 33. Kh2 Qe4 $19 {
[%cal Re3g4]} 34. hxg5 Ng4+ 0-1

[Event "Ordzhonikidze zt 1.9"]
[Site "Ordzhonikidze"]
[Date "2000.06.12"]
[Round "4"]
[White "Brodsky, Michail"]
[Black "Berelowitsch, Alexander"]
[Result "0-1"]
[WhiteElo "2514"]
[BlackElo "2505"]
[Annotator "Psakhis,L"]
[PlyCount "64"]
[EventDate "2000.06.09"]
[EventType "swiss"]
[EventRounds "9"]
[EventCountry "UKR"]
[SourceTitle "CBM 078"]
[Source "ChessBase"]
[SourceDate "2000.10.18"]
[SourceVersion "1"]
[SourceVersionDate "2000.10.18"]
[SourceQuality "1"]

1. e4 e6 2. d4 d5 3. Nc3 Bb4 4. e5 c5 5. a3 Ba5 6. Bd2 Nc6 7. Qg4 {This move
was introduced into tournament practice by Garry Kasparov} Nge7 $146 (7... Kf8
8. dxc5 Nxe5 9. Qg3 Ng6 10. O-O-O (10. Bd3 Bc7 11. f4 Nf6 12. Nge2 Bd7 13. h3
Bc6 14. Qf2 b6 15. Nd4 Ne7 16. Nxc6 Nxc6 17. Nb5 Nd7 18. Be3 d4 19. Nxd4 Nxd4
20. Bxd4 bxc5 21. Be3 Bb6 22. Rd1 {Mitkov,N-Zaja,I/Pula zt 2000/0-1 (57)})
10... Nf6 11. f3 Bd7 12. Nge2 Bc7 13. Qf2 b6 14. Be3 Ne7 15. g4 bxc5 16. Bxc5
Bb6 17. h4 Bxc5 18. Qxc5 Qb6 19. Qxb6 axb6 20. Bh3 Ne8 21. f4 h5 22. g5 g6 23.
Nd4 Kg7 24. Nf3 Nc7 {Kasparov,G-Khalifman,A/Linares 2000/CBM 75/1/2-1/2 (55)})
8. dxc5 O-O 9. Nf3 (9. f4 f6 $5 $13) 9... f6 10. exf6 Rxf6 11. O-O-O e5 12. Qa4
{I think that White could be satisfied with the results of the opening - he
won a pawn and it is not clear if Black has sufficient compensation for it.}
Bxc3 13. Bxc3 Qc7 14. Bb5 ({Deserves serious attention} 14. Nxe5 $5 Nxe5 15.
Re1 {for example} N7c6 (15... Rf5 16. Rxe5) (15... N5c6 16. Bxf6 gxf6 17. Qh4
$36) (15... Bd7 16. Bxe5 Qxe5 17. Rxe5 Bxa4 18. Rxe7 Rxf2 19. Bd3 $16) 16. Bxe5
Nxe5 17. Qe8+ Rf8 18. Qxe5 $16) 14... d4 15. Bd2 Bg4 16. Bg5 Rff8 17. Qb3+ Kh8
18. Rde1 Bxf3 19. gxf3 {At least Black succeded in ruining white's pawn
structure on the king's side} Ng6 20. h4 Nf4 21. Re4 Na5 22. Qa4 ({Black doing
well after} 22. Qb4 Nd5 23. Qe1 Qxc5 24. Qxa5 a6 $132) 22... a6 23. Bf1 Ne6 ({
It was possible already to take pawn} 23... Qxc5 $5 24. Bxf4 (24. b4 $6 Qc3 25.
bxa5 (25. Bxf4 Qxf3 $1) 25... Qxf3 $36 (25... Qa1+ 26. Kd2 Qc3+ $11)) 24...
exf4 25. Bd3 Nc6 $13 {with reasonable game}) 24. b4 Nc6 25. Qb3 {[%cal Gb3f3,
Gb3e6]} (25. Bc4 a5 (25... Nxg5 $2 26. hxg5 Rxf3 27. Reh4 $16) 26. Bxe6 axb4
27. Qb5 (27. Qb3 Rxa3 28. Qb2 Qa5 29. Kd1 Raxf3 $36) 27... Rxf3 28. a4 Ra3 $132
) 25... a5 $3 {[%mdl 640] Great idea! Berelovich sucrifice knight and gets
dangerous counterplay on the queen side} 26. Qxe6 axb4 27. a4 ({White's
position is very perilous after} 27. axb4 Nxb4 28. Qxe5 (28. Rxe5 Ra1+ 29. Kd2
Qa5 30. Rf5 (30. Qb6 Qa3 $19) 30... Na6+ 31. Kd3 Qc3+ 32. Ke4 Nxc5+ 33. Rxc5
Re1+ 34. Be3 Qxc5 $19) 28... Ra1+ 29. Kd2 Qa5 30. Bd8 $3 Qa2 $40 (30... Qxd8
31. Rg1 $132)) (27. Bg2 bxa3) ({Maybe the best way for white was to play} 27.
h5 $5 {[%cal Gh5h6] but after possible continuation} bxa3 28. Bc4 Rfe8 $1 29.
Qf7 $140 a2 $1 30. Bxa2 (30. Kb2 Qa5 31. Bxa2 Qc3+ 32. Kb1 Nb4 $19) 30... Qxf7
31. Bxf7 Rf8 $15 {[%cal Ra8a1] black's chances are better any case}) 27... Rxa4
28. Qd6 (28. f4 Qa5 29. Bg2 Ra1+ 30. Kd2 b3+ 31. Ke2 Rxh1 32. Bxh1 b2 $19)
28... Qf7 {[%cal Rf7f3]} 29. Bc4 $2 {Loses immediately. Good or bad but
Brodsky had to play} (29. f4 $8 b3 $1 30. Kd2 (30. cxb3 Ra1+ 31. Kd2 Rfa8 $19)
30... bxc2 31. Bd3 Na5 $132 {with big complications}) 29... Qxf3 $19 30. Rh3
Qxf2 {Now game is over - white king is weak and unprotected!} 31. Kb2 Rfa8 32.
Rxe5 (32. Bb3 Ra1 {[%cal Rf2g1]}) 32... Qg1 0-1

[Event "Merida"]
[Site "Merida"]
[Date "2000.06.19"]
[Round "6"]
[White "Shirov, Alexei"]
[Black "Akopian, Vladimir Eduardovic"]
[Result "1-0"]
[WhiteElo "2751"]
[BlackElo "2660"]
[Annotator "Psakhis,L"]
[PlyCount "93"]
[EventDate "2000.06.13"]
[EventType "tourn"]
[EventRounds "6"]
[EventCountry "MEX"]
[EventCategory "17"]
[SourceTitle "CBM 078"]
[Source "ChessBase"]
[SourceDate "2000.10.18"]
[SourceVersion "1"]
[SourceVersionDate "2000.10.18"]
[SourceQuality "1"]

1. e4 e6 2. d4 d5 3. Nc3 Bb4 4. e5 c5 5. a3 Ba5 {The last word in fashion in
Winawer variation} 6. b4 cxd4 7. Qg4 Ne7 8. bxa5 dxc3 9. Qxg7 Rg8 10. Qxh7 Nbc6
11. Nf3 Qc7 12. Bf4 Bd7 13. Bg3 O-O-O 14. Bd3 Qxa5 15. O-O Qc5 (15... Qa4 16.
Rfe1 Ng6 17. Qh6 Rh8 18. Qe3 d4 19. Qe2 Nce7 20. Rab1 Bc6 21. Rb4 Qxa3 22. Rxd4
Bd5 23. Ng5 $16 {1/2-1/2 De Firmian,N-Lputian,S/Yerevan (ol) 1996/Inf 67 (50)})
16. Qxf7 $146 {New but not very successful attempt to get advantage in this
double-adged line} (16. Qh4 a6 (16... Rg7 17. Rfb1 a6 18. h3 Rdg8 19. Kh2 d4
20. Be4 Nd5 21. Bxd5 Qxd5 22. Rd1 Nxe5 23. Nxe5 Qxe5 24. Rxd4 Rxg3 25. fxg3 Bc6
26. Rad1 f6 27. Rg4 Re8 28. Rc4 Qe2 29. Rxc6+ bxc6 30. Qd4 {1-0 Lutz,C-Mueller,
K/GER-ch Altenkirchen 1999/CBM 74/[Psakhis] (30)}) 17. Ng5 Be8 18. Qf4 Nd4 19.
Rfe1 Nef5 20. a4 Rg7 21. Nf3 Nxf3+ 22. gxf3 Qd4 23. Qxd4 Nxd4 24. Re3 Nc6 25.
Kf1 Bd7 26. Be2 d4 27. Re4 Kc7 28. Bd3 Kb6 29. Rb1+ Kc5 30. Rxb7 Bc8 {Polgar,
J-Vaganian,R/Groningen PCA 1993/0-1 (40)}) (16. Rfe1 {could be recomended} Rh8
17. Qxf7 Rdf8 18. Qg7 Nf5 19. Bxf5 Rhg8 20. Qh6 Rxf5 21. Qe3 b6 22. Red1 Rg4
23. Rd3 Rc4 24. h4 Qb5 25. Nd4 Qb2 26. Re1 Nxd4 27. Rxd4 Rxd4 28. Qxd4 Qxc2 29.
Kh2 Qd2 30. Qxd2 cxd2 {Dolmatov,S-Lputian,S/Manila (izt) 1990/Inf 49/[Dolmatov,
S]/1-0 (55)}) 16... Rdf8 17. Qh7 Rxf3 $1 {Strong and promising exchange
sacrifice} (17... Rh8 $5 18. Qg7 Rhg8 19. Qh6 Nf5 $44) 18. gxf3 Nxe5 19. Be2 ({
Black doing well after} 19. f4 Nxd3 20. cxd3 d4 $44 {[%csl Gc3,Gd4]}) 19... d4
20. Rfe1 (20. f4 N5g6 {[%cal Gg6f4]}) 20... Bc6 $36 {[%csl Gc6,Ge5,Rg1] It is
easy to see that Akopian has great compensation for exchange} 21. Kf1 Nxf3 22.
Bxf3 Bxf3 23. Re5 (23. Qf7 $5 Bd5 24. Qf4 Kd7 $132) 23... Bd5 24. Kg1 Kd7 25.
Rd1 $2 (25. Qf7 $142 $5 {with unclear consequences}) 25... Qxa3 26. Qh4 Qa4 $2
{[%mdl 8192] Terrible mistake, and what is even more painful in the moment
when Balck could get a big advantage -} (26... d3 $142 $1 27. Rxd5+ (27. cxd3
$2 c2 $19) (27. Rxd3 $2 Qc1+ $19) (27. Qf4 dxc2 (27... d2 $5) 28. Rc1 Rg4 $1)
27... exd5 (27... Nxd5 28. Qh7+) 28. Rxd3 Qc1+ 29. Kg2 Qxc2 $17) 27. Rxe6 $1 {
Refutaion of the last black's move} Rxg3+ (27... Bxe6 28. Rxd4+) (27... Kxe6
28. Re1+ {[%csl Re6]}) 28. hxg3 Nf5 29. Qh7+ Kxe6 30. Qg6+ Kd7 (30... Ke5 31.
f4+ Ke4 32. Re1+ Kf3 33. Qxf5 $18) 31. Qxf5+ Kc6 32. Qf6+ Kc5 33. Qe7+ Kc4 34.
Qe5 Kc5 35. f4 $1 {[%csl Gf4] Black are stock-still on the queen's side and
white's passed pawns quickly decide game to White favour.} b5 36. f5 Kc6 37.
Qf6+ (37. Qxd4 Qxd4+ 38. Rxd4 a5) 37... Kc5 38. Qe5 Kc6 39. Rxd4 $1 Qa1+ 40.
Kf2 Qh1 41. Rxd5 $1 (41. Rd3 b4 $1) 41... Qxd5 42. Qxc3+ Kd6 {It looks that
Akopian just decided to stop sufferings possible in case of} (42... Kb6 $1 43.
f6 $18) 43. Qd3 $18 a5 (43... Qxd3 44. cxd3 a5 45. Ke3 a4 46. Kd2 Ke5 47. g4 a3
48. Kc2 b4 49. Kb3 Kf6 50. d4 $18) 44. Ke3 a4 45. Qxd5+ Kxd5 46. Kd2 b4 47. Kc1
(47. Kc1 Ke5 48. g4 Kf6 49. Kb2 Ke5 50. c3 $18) 1-0

[Event "Corus"]
[Site "Wijk aan Zee"]
[Date "2003.01.11"]
[Round "1"]
[White "Shirov, Alexei"]
[Black "Timman, Jan H"]
[Result "1/2-1/2"]
[WhiteElo "2723"]
[BlackElo "2594"]
[Annotator "Psakhis,L"]
[PlyCount "75"]
[EventDate "2003.01.11"]
[EventType "tourn"]
[EventRounds "13"]
[EventCountry "NED"]
[EventCategory "18"]
[SourceTitle "CBM 093"]
[Source "ChessBase"]
[SourceDate "2003.04.01"]
[SourceVersion "1"]
[SourceVersionDate "2003.04.01"]
[SourceQuality "1"]

1. e4 e6 2. d4 d5 3. Nc3 Bb4 4. e5 c5 5. a3 Bxc3+ 6. bxc3 Ne7 7. Qg4 O-O 8. Bd3
f5 9. exf6 Rxf6 10. Bg5 Rf7 11. Qh5 g6 12. Qd1 Nbc6 13. Nf3 Qf8 14. O-O c4 15.
Be2 h6 16. Bc1 Kh7 $146 {This is a new try, but I think that White keeps some
preassure on black's position.} (16... Bd7 17. a4 (17. Ne1 g5 18. g3 Nf5 19.
Ng2 Qg7 20. f4 Nd6 21. Qe1 b5 $13 {Ponomariov,R-Ivanchuk,V/Linares 2002/ 1-0 
(45)}) 17... Qg7 18. Ba3 g5 19. Bd6 Ng6 20. Qd2 Rd8 21. h3 Bc8 22. Bg3 Nf4 $13
{1-0 Nataf,I-Drasko,M/Jugoslavija 85/283 2002 (39)}) (16... Qg7 17. Qd2 Nf5 18.
h4 Bd7 19. Bb2 Qf6 20. g3 e5 21. dxe5 Nxe5 22. Nxe5 Qxe5 23. Bf3 Nxh4 24. Bxd5
Be6 25. Bh1 Nf3+ 26. Bxf3 Rxf3 27. Rae1 Qf6 28. Qxh6 Rf8 29. Bc1 Rf7 30. Bf4
Rh7 31. Qg5 {Polgar,J-Timman,J/Amsterdam 1995/Inf 64/[Timman,J,Hansen]/1/2-1/2
(46)}) 17. a4 Bd7 18. Ba3 Qb8 {Timman doesn't like to see white bishop on d6}
19. Qd2 Nf5 20. Rab1 b6 21. a5 Qd8 ({Black could take pawn -} 21... Nxa5 {
but after} 22. Ne5 Rg7 23. Bc1 g5 24. Re1 Nc6 25. Bg4 $44 {White would have
good compensation for it}) 22. axb6 axb6 {Although the position is more or
less balanced, it looks that White seems to have the easier play.} 23. Bc1 (23.
Ra1 Be8 24. Bb4 Rfa7 25. Rxa7+ Rxa7 26. Re1 $14) 23... g5 24. Ne5 $6 ({Worth
considering simple} 24. h3 $36 {[%cal Gf3h2,Ge2h5] with very complicated
struggle with slightly better prospects for white}) 24... Nxe5 25. dxe5 Qc7 {
Now White needs to invest a very big effort to get something real} 26. Bh5 Rg7
(26... Rff8 $5 27. f4 Qc5+ 28. Kh1 Ra2 $132) 27. Bg4 Rf7 28. f4 Qc5+ 29. Qf2
gxf4 30. Bxf4 Qxf2+ 31. Rxf2 b5 $11 {[%cal Ga8a2]} 32. Be3 (32. Bh5 Rff8 33.
Bd2 Be8 $5 34. Bxe8 $140 Rfxe8 35. Rxb5 h5 $44) 32... Kg6 33. Bc5 h5 34. Bf3
Rc8 (34... Ra2 $5) 35. Bb4 Bc6 36. h3 (36. Ra1 Ra8 37. Rxa8 Bxa8 $11) 36...
Rcc7 37. Kh2 Nh4 38. Rbf1 1/2-1/2

[Event "FRA-ch"]
[Site "Chartres"]
[Date "2005.08.17"]
[Round "3"]
[White "Bagheri, Amir"]
[Black "Apicella, Manuel"]
[Result "1-0"]
[WhiteElo "2537"]
[BlackElo "2553"]
[Annotator "Psakhis,L"]
[PlyCount "81"]
[EventDate "2005.08.15"]
[EventType "tourn"]
[EventRounds "11"]
[EventCountry "FRA"]
[EventCategory "13"]
[SourceTitle "CBM 109"]
[Source "ChessBase"]
[SourceDate "2005.11.14"]
[SourceVersion "1"]
[SourceVersionDate "2005.11.14"]
[SourceQuality "1"]

1. e4 e6 2. d4 d5 3. Nc3 Bb4 4. e5 Ne7 5. Bd3 c5 6. a3 Bxc3+ 7. bxc3 Nbc6 8.
Qg4 c4 (8... Ng6 9. h4 Qa5 10. Bd2 Nce7 11. h5 Nf8 12. c4 Qa4 13. Ne2 Qc6 14.
dxc5 dxc4 15. Be4 Qxc5 16. Bb4 Qxe5 17. Bc3 Qc7 18. Qxg7 Rg8 19. Qh6 e5 20.
Bxh7 Rh8 21. Qe3 Rxh7 22. Bxe5 Qb6 {0-1 Shcherbenko,A-Vorobiov,I/Kiev
Independence Cup-B 2005 (42)}) (8... Qa5 9. Bd2 c4 10. Be2 O-O (10... Nf5 11.
Nf3 Bd7 12. Ng5 h6 13. Qh3 ({Timman has played the risky} 13. Qh5 Rf8 14. Nh7 {
a long time ago and after} Rg8 15. g4 Nfe7 16. g5 Rh8 17. Nf6+ gxf6 18. gxf6
Nf5 19. Rg1 Rf8 20. Rg7 O-O-O {I am not sure that White has enough
compensation for the piece, despite the positive result of the game 1-0
Timman-Velimirovic/Sarajevo 1985 (45)}) 13... Rf8 14. Nf3 O-O-O 15. g4 Nfe7 16.
Nh4 f6 17. exf6 Rxf6 18. f4 Rdf8 $36 {Vehi-Nikitin,A, Groningen op 1995}) 11.
h4 (11. Nf3 f6 12. h4 fxe5 13. Nxe5 Nxe5 14. dxe5 Ng6 15. f4 Nxf4 $5 16. Bxf4
Qxc3+ 17. Kf2 Qxe5 18. Kg3 Qc3+ 19. Qf3 Qxc2 $132 {1/2-1/2 Kovtun,S-Yunusov,A/
Voroshilovgrad 1989 (66)}) 11... f6 12. f4 Qa4 {N/} (12... Nf5 13. Rh3 Qb6 14.
Nf3 Qb2 15. Rc1 Qxa3 16. Ng5 $6 fxg5 17. hxg5 g6 $17 {0-1 Kleehammer,O-Kamp,C/
Passau op 1998 (45)}) 13. Bd1 {To make this move similar to a draw proposal,
White had to play} (13. Kd1 $5 {if they wanted to continue game}) 13... Qb5 {
[%cal Gb5b2]} 14. Bc1 $8 Qa5 15. Bd2 (15. Ne2 $2 Nxd4 $1 $19) (15. Kd2 $2 Nxd4
$19) 15... Qb5 16. Bc1 Qa5 17. Bd2 {1/2-1/2 Short,N (2697)-Shulman,Y (2523)/
Dhaka 1999/CBM 70/[Psakhis,L]}) 9. Be2 Nf5 (9... O-O $5 10. h4 (10. Nf3 f6) (
10. Nh3 f6 11. f4 Nf5 12. O-O Bd7 13. Bd2 Be8 14. Kh1 Bg6 15. Ng1 Qe7 16. Qh3
Nh6 17. Rfc1 Be4 18. Bf3 f5 19. Qg3 {1/2-1/2 Jackova,J (2406)-Zakurdjaeva,I 
(2260)/EUR-chW Chisinau 2005}) 10... f6 (10... f5 11. Qg3 Qa5 12. Bd2 Qa4 13.
Nh3 $6 (13. Bd1 $1 {(Dvoretsky)}) (13. Kd1) (13. Ra2 $6 Qb5) 13... Qxc2 14. Bh6
Ng6 (14... Rf7 15. Bh5 g6 (15... Ng6 16. Bxg6 hxg6 17. Rc1 Qe4+ 18. Be3 Qg4 19.
Qxg4 fxg4 20. Ng5 Rf8 21. Ke2 {(Dvoretsky)}) 16. Nf4 $1 {(Dvoretsky)} (16. O-O
f4 $1 {(Dvoretsky)})) 15. h5 f4 $1 16. Nxf4 Rxf4 17. hxg6 (17. Bxf4 $2 Nxf4 $19
) 17... gxh6 18. Rxh6 $1 $44 Bd7 $1 $132 {0-1 Heuer,V-Dvoretzky,M/USSR 1972/
ChessBase (35)} (18... Ne7 $2 19. gxh7+ Kh8 20. Qg7+ $3 {'!'} Kxg7 21. h8=Q+
$18 {'(Dvoretsky)'}) (18... Rf8 $2)) 11. Nf3 fxe5 12. Nxe5 (12. dxe5 Ng6 13.
Qh5 Qe8) 12... Nxe5 13. dxe5 Qc7 14. f4 (14. Be3 Bd7 15. Bd4 Nf5 16. O-O Ba4
17. Ra2 b6 18. g3 Rf7 19. f4 h5 20. Qh3 g6 21. Bf3 Qe7 22. Qg2 Raf8 {1/2-1/2
Eilmes,D (2315)-Knudsen,J (2485)/Email 2001/ICCF tele 9/2002 (38)}) 14... Bd7
15. h5 Nf5 16. h6 g6 17. Qh3 Ba4 {and Black has a nice game 0-1 Pavlovic,
M-Drasko,M/Jugoslavija 1997}) 10. a4 $5 $146 (10. Nf3 h5 (10... Qa5 11. Bd2 Bd7
12. Ng5 h6 13. Qh3 (13. Qh5 Rf8 14. Nh7 Rg8 15. g4 Nfe7 16. g5 Rh8 17. Nf6+
gxf6 18. gxf6 Nf5 19. Rg1 Rf8 20. Rg7 O-O-O 21. Bg4 Nxg7 22. fxg7 Rg8 23. Qxh6
Ne7 24. h4 Qa4 {1-0 Timman,J (2500)-Velimirovic,D (2610)/Sarajevo 1985/
ChessBase (45)}) 13... Rf8 14. Nf3 O-O-O 15. g4 Nfe7 16. Nh4 f6 17. exf6 Rxf6
18. f4 Rdf8 19. g5 hxg5 20. fxg5 Rf2 21. Nf3 e5 22. Qg3 Rxe2+ 23. Kxe2 Nf5 24.
Qg1 exd4 25. cxd4 c3 26. Bc1 Qa4 {0-1 Vehi,V-Nikitin,A/Groningen op 1995/
ChessBase}) 11. Qh3 (11. Qf4 Bd7 12. a4 Qa5 13. Qd2 f6 14. O-O O-O-O 15. Ba3 h4
16. h3 Be8 17. Rfe1 $14 {1-0 Shaposhnikov,E (2215)-Nikitin,A (2290)/St.
Peterburg Chigorin 1995/ChessBase (36)}) 11... Qa5 (11... g6 12. Ng5 f6 13.
exf6 Qxf6 14. f4 Bd7 15. Rb1 O-O-O 16. O-O Rdf8 17. Qf3 Nh4 18. Qf2 Nf5 19. a4
Re8 20. Ba3 Nd8 21. Rb4 Bc6 22. Nf3 Nf7 23. Ne5 Ne7 24. Rfb1 Nd8 25. a5 a6 26.
Rb6 {Buenermann,V (2310)-Fichtl,A (1610)/Frankfurt Mala mem op 2004/EXT 2005/
1-0 (53)}) 12. Bd2 Bd7 13. g4 Nfe7 14. Ng5 f6 15. Nf3 O-O-O 16. gxh5 fxe5 17.
Nxe5 Nxe5 18. dxe5 Rdf8 19. Bg4 Nf5 20. Rg1 Rf7 21. Bxf5 Rxf5 22. Rg5 Rxg5 23.
Bxg5 Rxh5 24. Qxh5 Qxc3+ {Gonzalez Consuegra,A (1815)-Martin Arranz,L (1955)/
Terrassa op-B 1996/ChessBase/0-1 (35)}) 10... Qa5 11. Bd2 Bd7 (11... O-O $142
$5 {[%cal Gf7f6]}) 12. Qh5 h6 (12... O-O 13. Nf3 f6 $13) 13. Bg4 g6 $6 (13...
Nce7 $5) 14. Qh3 O-O-O $6 {This natural move has a drawback: The black king
will be under fire now up to the end of the game. Worth considerating is the
principal line:} (14... Nce7 {[%cal Gd7a4]} 15. Ne2 Bxa4 16. O-O Qb5 17. Ra2
Qd7 $13 {and at least Black will suffer for a pawn!}) 15. Ne2 Nce7 (15... h5
16. Bxf5 exf5 17. Qh4 $16) 16. O-O Bxa4 {Black has to accept this pawn
sacrifice, otherwise it's difficult to justify his previous play.} 17. Rfb1 $36
{This position looks very promising for White who is ready to start direct
action.} b5 18. Bc1 $1 {[%cal Gc1a3]} Rdg8 19. Qf3 {Now White has space and
attacking chances for only one pawn.} Qc7 (19... h5 $6 20. Bxf5 Nxf5 21. Bg5 {
[%csl Ra4][%cal Gh2h4] and White has more than enough compensation for the
pawn.}) 20. h4 $5 {A typical pawn advance for this type of position.} g5 (20...
Nxh4 $2 21. Qxf7 $16) (20... h5 21. Bh3 {[%cal Gg2g3,Ca4c2,Gc1g5]} (21. Bxf5
gxf5 22. Bg5 $5 $14) 21... Bxc2 $6 22. Rxb5 {[%csl Rc8]}) 21. h5 $1 {[%cal
Ca4c2,Ga1a2,Gc1a3] For the cost of only one pawn Bagneri has firmly seized the
initiative. Now Black has to solve some rather difficult problems.} Bxc2 (21...
Qd7 22. Ra2 Rf8 23. Ba3 f6 24. Qh3 fxe5 25. dxe5 $16 {[%cal Ge2d4]}) 22. Rxb5
Be4 23. Qh3 Kd7 24. Ba3 (24. Rc5 $5 Qb6 25. Rca5 Nc6 26. R5a2 {[%cal Gf2f3,
Ga2b2]}) 24... Rb8 25. Bd6 (25. Rc5 $5 Qb6 26. Bf3 Bc2) 25... Nxd6 26. exd6
Kxd6 (26... Qxd6 $5 27. Rxa7+ Kc8 28. Rc5+ Kd8 $13) 27. Ra6+ Kd7 $2 {A fatal
mistake, after which White's attack becomes very dangerous. Essential was} (
27... Rb6 $8 {and after} 28. Qg3+ (28. Rc5 Qb7) 28... Kd7 29. Qxc7+ Kxc7 30.
Rxa7+ {he has a safe move} Kb8 $1 {with the possible continuation} 31. Rba5 Nc6
$1 32. Ra8+ $8 Kc7 33. Rxh8 Nxa5 34. Rxh6 Rb1+ 35. Kh2 Kd6 $132) 28. Bxe6+ $1
fxe6 $6 (28... Kd8 $5 29. Rxb8+ Qxb8 30. Bxf7 Nf5 31. Bg6 Rf8 32. Bxf5 Bxf5 33.
Qg3 $5 $16) 29. Qxe6+ Ke8 30. Rc6 $1 $18 Qd8 (30... Qxc6 $4 31. Rxb8+ Qc8 32.
Rxc8#) 31. Qe5 {[%csl Ge5][%cal Cb8b5,Re5b8,Ob5b8,Re5h8]} Rxb5 32. Qxh8+ Kd7
33. Rd6+ Kxd6 34. Qxd8+ Ke6 35. Ng3 (35. Qh8 $5) 35... Bc2 36. Kh2 (36. Qh8
$142) 36... Rb6 37. Qa8 a6 38. Nf1 $1 {[%cal Gf1e3]} Bd1 39. f3 Rb2 40. Qxa6+
Kf7 41. Qa1 $1 {[%csl Rb2,Rd1]} 1-0